Principles of education and education in the emerging indian society (Record no. 1794)

MARC details
000 -LEADER
fixed length control field 00558cam a2200181ua 4500
008 - FIXED-LENGTH DATA ELEMENTS--GENERAL INFORMATION
fixed length control field 110811n ii |||gr||||Z||||||eng
040 ## - CATALOGING SOURCE
Transcribing agency MAIN
082 ## - DEWEY DECIMAL CLASSIFICATION NUMBER
Classification number 370.54
100 ## - MAIN ENTRY--PERSONAL NAME
Personal name Dash, B. N.,
245 1# - TITLE STATEMENT
Title Principles of education and education in the emerging indian society
Statement of responsibility, etc. by B. N. Dash
250 ## - EDITION STATEMENT
Edition statement 8th.
260 ## - PUBLICATION, DISTRIBUTION, ETC.
Place of publication, distribution, etc. Delhi:
Name of publisher, distributor, etc. ajanta prakshan,
Date of publication, distribution, etc. 2000-01.
300 ## - PHYSICAL DESCRIPTION
Extent xxii; 714p:
Dimensions 23cm.
942 ## - ADDED ENTRY ELEMENTS (KOHA)
Koha item type Books
100 ## - MAIN ENTRY--PERSONAL NAME
Fuller form of name (Biranchi Narayan Dash).
653 ## - INDEX TERM--UNCONTROLLED
Uncontrolled term Education
653 ## - INDEX TERM--UNCONTROLLED
Uncontrolled term Principles of education and education in the emerging indian society
Holdings
Withdrawn status Lost status Damaged status Not for loan Home library Current library Shelving location Date acquired Total Checkouts Full call number Barcode Date last seen Copy number Price effective from Koha item type
        Central Library, Naharkatiya College Central Library, Naharkatiya College General Stacks 19/09/2020   370.54 | DAS 9459 19/09/2020 1 19/09/2020 Books

Naharkatiya College © 2020. All rights reserved.

Powered By